000
00311nam a2200145Ia 4500
100
_a
Deb/ Kalyanmoy
942
_c
BK
654
_a
Computer
245
_a
Optimization for Engineering Design
260
_b
P.H.I
_a
New Delhi
_c
1995
082
_a
5.1
_b
DEB
300
_a
381
546
_a
ENGLISH
999
_c
27391
_d
27391